000 00742nam a2200193 i 4500
001 73948
003 ES-MaACL
005 20230906171952.0
007 t|
008 040913s1909 ve ||||1| spa d
100 1 _aGonzález, Eloy G.
_958305
245 1 0 _aDiscursos leídos en la Academia Nacional de Historia en la recepción pública del señor Eloy G. González el día 16 de mayo de 1909.
260 _aCaracas :
_b[s.n.],
_c1909 (
_fTip. "El Nuevo Tiempo")
300 _a15, 26 p. ;
_c24 cm.
505 8 _aContiene: Discurso de Eloy G. González y contestación de Marco Antonio-Saluzzo
700 0 _aSaluzzo, Marco Antonio.
_9102052
710 0 _aAcademia Nacional de la Historia (Venezuela)
_91213
852 _aES-MaACL
_jT-1205-F-4
999 _c73948
_d73948